000 00644nam a2200205 i 4500
001 184489
003 ES-MaACL
005 20250809030227.0
008 150911s2000 sp |||| | spa d
080 _a347.12
100 1 _aLluís y Navas, Jaime.
_972976
245 1 3 _aLa desviación de poder y la administración laboral /
_cJaime Lluís y Navas.
260 _aBarcelona :
_b[J.Lluís y Navas],
_c2000.
300 _a24 p. ;
_c21 cm.
504 _aBibliografía: p. 23-24.
650 0 4 _aDerecho laboral-
_zEspaña
_911726
650 4 _aAbuso del derecho.
_9157444
852 _aES-MaACL
_j2332-F-29
999 _c184489
_d184489